Statystyki dla Trasa Warszawskiej linii autobusowej 503

Kliknij tutaj aby rozwiązać quiz!

Ogólne statystyki

  • Ten quiz został rozwiązany 9 razy
  • Średni wynik to 20 z 25

Statystyki odpowiedzi

DzielnicaPrzystanek% Poprawnych
ŚródmieścieFoksal
100%
ŚródmieścieKonwiktorska
100%
UrsynówMetro Imielin
100%
ŚródmieścieMuranowska
100%
UrsynówNatolin Północny
100%
ŚródmieściePlac Krasińskich
100%
ŚródmieściePlac Na Rozdrożu
100%
ŚródmieściePlac Trzech Krzyży
100%
ŚródmieściePlac Zamkowy
100%
ŚródmieścieUniwersytet
100%
UrsynówUrsynów Północny
100%
Mokotów / UrsynówDolina Służewiecka
80%
MokotówDolna
80%
Mokotów / UrsynówNowoursynowska
80%
ŚródmieścieOrdynacka
80%
Śródmieście / MokotówSpacerowa
80%
UrsynówTeligi
80%
MokotówWarneńska
80%
UrsynówMiklaszewskiego
60%
UrsynówBraci Wagów
40%
ŚródmieściePark Traugutta
40%
UrsynówPolinezyjska
40%
UrsynówStryjeńskich
40%
UrsynówStrzeleckiego
40%
UrsynówWarchałowskiego
40%

Rozkład punktacji

Percentyl według liczby udzielonych odpowiedzi

Procent ludzi z każdym wynikiem

Twoja historia wyników

Nie rozwiązałeś tego quizu